ZJIŠŤOVÁNÍ POČATEČNÍHO NAPĚTÍ VISKOPLASTICKÝCH LÁTEK

Bibliographic Details
Main Author: Myška, Jiří (Author)
Format: Article
Language:Slovak
Czech

MARC

LEADER 00000nab a2200000 a 4500
001 vtls010719597
003 SK-MaSNL
005 20260304195047.0
008 250709s1974 xo |||||||||||||||||slo|
035 |a (urnnbn)urn:nbn:sk:snk:ar-a04q5v 
035 |a (uuid)df162a1c-e72c-4d39-ad4a-6e2f535826f9 
035 |a urn:nbn:sk:snk-ab3kv5 
040 |a SNKBUCL  |b slo  |c SNKBUCL  |e AACR2 
041 0 |a cze 
044 |a xo  |c SK 
100 1 |a Myška, Jiří  |4 aut  |9 1212392 
245 1 0 |a ZJIŠŤOVÁNÍ POČATEČNÍHO NAPĚTÍ VISKOPLASTICKÝCH LÁTEK  |c Jiří Myška 
773 0 |t Vodohospodársky časopis : časopis pre hydrológiu a hydromechaniku  |g Roč. 22, č. 2 (1974), s. 105-121 
850 |a Slovenská národná knižnica 
852 |a Slovenská národná knižnica 
958 |a article1 
958 |a OND 
958 |a EUIPO 
999 |c 3078921  |d 3080851